| 000 | 00540nam a2200205Ia 4500 | ||
|---|---|---|---|
| 005 | 20230626093157.0 | ||
| 008 | 131103s9999 xx 000 0 und d | ||
| 040 | _aLoreto College | ||
| 041 | _aEnglish | ||
| 082 |
_a942.052 _bHUT |
||
| 100 | _aHutchinson,F.E. | ||
| 245 |
_aCranmer and the England reformation _cF.E.Hutchinson |
||
| 260 |
_aNew York _bCollier Books _c1962 |
||
| 300 | _a128 p. | ||
| 440 | _aMen and History | ||
| 504 | _aIncludes index | ||
| 650 | _aEngland - History,1509 - 1547 | ||
| 850 | _aLCLIB | ||
| 942 | _cBK | ||
| 999 |
_c8475 _d58954 |
||